Introduȯ̂ a engenharia legal apontamentos gerais /

Detalles Bibliográficos
Autor principal: Nasser Jn︢ior, Radegaz
Formato: Libro
Lenguaje:portugués
Publicado: San Pablo: LEUD - Livraria e Editora Universitr̀ia de Direito, 2020
Materias:
Acceso en línea:Acceso restringido

MARC

LEADER 00000nam a22000007a 4500
005 20210415225734.0
007 cr|||| ||||
008 210415s2020 br ||||| |||| 00| 0 por d
020 |a 978-85-7456-386-2 
035 |a 33078 
040 |a vLex 
090 |c 11466  |d 11466 
100 1 |a Nasser Jn︢ior, Radegaz 
245 1 0 |a Introduȯ̂ a engenharia legal  |h [Recurso electrn̤ico] :  |b apontamentos gerais /  |c Radegaz Nasser Jn︢ior 
256 |a Servicio en ln̕ea 
260 |a San Pablo:  |b LEUD - Livraria e Editora Universitr̀ia de Direito,  |c 2020 
300 |a 1 recurso electrn̤ico 
506 1 |a Disponible solo en los productos indicados  |d vLex Global  |d vLex Global (Academic Edition, excluding Law Schools)  |d vLex Global (U.S. Academic Edition, Law Schools)  |d vLex Global (U.S. Academic Edition, excluding Law Schools)  |d vLex Global (Academic Edition, Law Schools) 
650 0 4 |a Procedimiento Civil  |z Brasil 
740 0 |a vLex Libros (Servicio en ln̕ea) 
856 |u http://vlex.com/source/introdu-o-engenharia-legal-apontamentos-gerais-33078  |z Acceso restringido 
942 |c BOOK 
999 0 |a Civil Procedure